| 000 | 00453nam a2200121Ia 4500 | ||
|---|---|---|---|
| 008 | 160216s9999 xx 000 0 und d | ||
| 100 | _aKramp, Leif | ||
| 245 | _aMedia practice and everyday agency in Europe / | ||
| 245 | _cLeif Kramp, N. Carpentier, A. Hepp, I.T. Trivundža, H. Nieminen, R. Kunelius, R. (Eds.) Kilborn. | ||
| 260 | _c2014 | ||
| 650 | _xMedia - Europe. | ||
| 856 | _uhttp://media.wix.com/ugd/f47560_86265b1a6f5f4184be988202f9cfc7ce.pdf | ||
| 999 |
_c290613 _d290613 |
||